| 000 | 00350nam a2200145Ia 4500 | ||
|---|---|---|---|
| 008 | 230917s9999||||xx |||||||||||||| ||und|| | ||
| 040 |
_e107799 _aMAIN |
||
| 041 | _aEnglish | ||
| 082 | _a658.8 I2M | ||
| 100 | _aICFAI | ||
| 245 | 0 | _aMarketing management: concepts and cases | |
| 260 |
_aHyderabad _bICFAI _c2004 |
||
| 300 | _a200p p. | ||
| 942 | _cBK | ||
| 999 |
_c123129 _d123129 |
||